Statistics for Most spoken languages in U.k

Click here to take the quiz!

General Stats

  • This quiz has been taken 150 times
  • The average score is 10 of 20

Answer Stats

Answer% Correct
English
99%
french
92%
spanish
83%
german
78%
Welsh
76%
polish
75%
arabic
66%
Chinese
66%
scots
63%
urdu
60%
Portuguese
58%
Turkish
46%
Bengali
38%
Romanian
38%
cornish
31%
persian
28%
Lithuanian
22%
Gujarati
19%
somali
9%
british sign language
1%

Score Distribution

Percentile by Number Answered

Percent of People with Each Score

Your Score History

You have not taken this quiz